<?xml version="1.0" encoding="UTF-8"?>
<record
    xmlns:xsi="http://www.w3.org/2001/XMLSchema-instance"
    xsi:schemaLocation="http://www.loc.gov/MARC21/slim http://www.loc.gov/standards/marcxml/schema/MARC21slim.xsd"
    xmlns="http://www.loc.gov/MARC21/slim">

  <leader>01842cam a2200301 a 4500</leader>
  <controlfield tag="001">4887121</controlfield>
  <controlfield tag="005">20210414114123.0</controlfield>
  <controlfield tag="008">930318s1994    nyu           000 1 eng  </controlfield>
  <datafield tag="010" ind1=" " ind2=" ">
    <subfield code="a">   93010382 </subfield>
  </datafield>
  <datafield tag="020" ind1=" " ind2=" ">
    <subfield code="a">0811212548 (acidfree paper) :</subfield>
    <subfield code="c">$22.95 ($29.99 Can.)</subfield>
  </datafield>
  <datafield tag="040" ind1=" " ind2=" ">
    <subfield code="a">DLC</subfield>
    <subfield code="c">DLC</subfield>
    <subfield code="d">DLC</subfield>
    <subfield code="d">OCoLC</subfield>
  </datafield>
  <datafield tag="041" ind1="1" ind2=" ">
    <subfield code="a">eng</subfield>
    <subfield code="h">ger</subfield>
  </datafield>
  <datafield tag="043" ind1=" " ind2=" ">
    <subfield code="a">poea---</subfield>
  </datafield>
  <datafield tag="050" ind1="0" ind2="0">
    <subfield code="a">PT2682.I39K6713 </subfield>
  </datafield>
  <datafield tag="082" ind1="0" ind2="0">
    <subfield code="a">833/.914</subfield>
    <subfield code="2">20</subfield>
  </datafield>
  <datafield tag="100" ind1="1" ind2=" ">
    <subfield code="a">Timm, Uwe,</subfield>
    <subfield code="d">1940-</subfield>
  </datafield>
  <datafield tag="240" ind1="1" ind2="0">
    <subfield code="a">Kopfj&#xE4;ger.</subfield>
    <subfield code="l">English</subfield>
  </datafield>
  <datafield tag="245" ind1="1" ind2="0">
    <subfield code="a">Headhunter. /</subfield>
    <subfield code="c">Uwe Timm ; translated from the German by Peter Tegel.</subfield>
  </datafield>
  <datafield tag="260" ind1=" " ind2=" ">
    <subfield code="a">New York :</subfield>
    <subfield code="b">New Directions,</subfield>
    <subfield code="c">1994.</subfield>
  </datafield>
  <datafield tag="300" ind1=" " ind2=" ">
    <subfield code="a">viii, 402 p. ;</subfield>
    <subfield code="c">21 cm.</subfield>
  </datafield>
  <datafield tag="500" ind1=" " ind2=" ">
    <subfield code="a">"Published simultaneously in Canada by Penguin Books Canada Limited."</subfield>
  </datafield>
  <datafield tag="505" ind1=" " ind2=" ">
    <subfield code="a">Contents: The Call -- The Stone dream -- The Grosse trampgang -- Ascension day -- On running across ice -- The Spirit on parade -- Window display -- The Stoney stone -- The Surfer -- Topedo boats, go for the enemy -- The Uvular -- Stiletto heels -- Books under the arm -- Strawberry flavour -- The Murderer in the ruins -- The Flashlight -- The Thread game -- The Man with red hair -- Robert, known as Rob -- Banknotes, washproof -- The External communicator -- The Lizard and the bottle -- Going under -- A Proverb of Solomon's -- The Window handle -- Fictitious creatures -- Chaos and tripe -- The Bed in the corridor -- The Birdman and his price -- The Little apple man -- The House on the sullberg -- The Surf boat -- A Popcorn rubdown -- The Swede -- Sunk in an asphalt lake -- Escape -- The Island.</subfield>
  </datafield>
  <datafield tag="651" ind1=" " ind2="0">
    <subfield code="a">Easter Island</subfield>
    <subfield code="x">Fiction.</subfield>
  </datafield>
  <datafield tag="655" ind1=" " ind2="7">
    <subfield code="a">Picaresque literature.</subfield>
    <subfield code="2">gsafd</subfield>
  </datafield>
  <datafield tag="906" ind1=" " ind2=" ">
    <subfield code="a">7</subfield>
    <subfield code="b">cbc</subfield>
    <subfield code="c">orignew</subfield>
    <subfield code="d">1</subfield>
    <subfield code="e">ocip</subfield>
    <subfield code="f">19</subfield>
    <subfield code="g">y-gencatlg</subfield>
  </datafield>
  <datafield tag="942" ind1=" " ind2=" ">
    <subfield code="2">lcc</subfield>
    <subfield code="c">BK</subfield>
  </datafield>
  <datafield tag="999" ind1=" " ind2=" ">
    <subfield code="c">2077</subfield>
    <subfield code="d">9577</subfield>
  </datafield>
  <datafield tag="952" ind1=" " ind2=" ">
    <subfield code="0">0</subfield>
    <subfield code="1">0</subfield>
    <subfield code="2">lcc</subfield>
    <subfield code="4">0</subfield>
    <subfield code="7">0</subfield>
    <subfield code="a">WIUC-1</subfield>
    <subfield code="b">WIUC-1</subfield>
    <subfield code="c">GEN</subfield>
    <subfield code="d">2012-08-21</subfield>
    <subfield code="l">0</subfield>
    <subfield code="o">PT2682.I39K6713</subfield>
    <subfield code="p">4306/12</subfield>
    <subfield code="r">2012-08-21 00:00:00</subfield>
    <subfield code="t">1</subfield>
    <subfield code="w">2012-08-21</subfield>
    <subfield code="y">BK</subfield>
  </datafield>
  <datafield tag="952" ind1=" " ind2=" ">
    <subfield code="0">0</subfield>
    <subfield code="1">0</subfield>
    <subfield code="2">lcc</subfield>
    <subfield code="4">0</subfield>
    <subfield code="7">0</subfield>
    <subfield code="a">WIUC-1</subfield>
    <subfield code="b">WIUC-1</subfield>
    <subfield code="c">GEN</subfield>
    <subfield code="d">2012-08-21</subfield>
    <subfield code="l">0</subfield>
    <subfield code="o">PT2682.I39K67131</subfield>
    <subfield code="p">4307/12</subfield>
    <subfield code="r">2012-08-21 00:00:00</subfield>
    <subfield code="t">2</subfield>
    <subfield code="w">2012-08-21</subfield>
    <subfield code="y">BK</subfield>
  </datafield>
</record>
